000 00752nam a2200205 a 4500
001 BRCA_1933
005 20190320203616.0
008 280705s1992----sp-a---###---#000-0#spa-d
020 _a8479370416 (Obra completa)
040 _aDLC
_cDLC
050 4 _aN5300
_b.M37 1992
100 1 _aMartino, P. de
_95954
245 1 0 _aHistoria universal del arte
_cP. de Martino.
260 _aMadrid
_bOlimpo
_c1992
300 _a12 v.
_bil. a color
_c32 cm.
505 0 _aContenido : v.1-2 Arte antiguo. -- v.3-4 Alta edad media y edad media. -- v.5. Arte siglos XIV y XV. -- v.6. Arte siglo XV. -- v.7-8 Arte del siglo XVI. -- v.9-10 Arte siglos XVII y XVIII. -- v.11-12 Arte siglos XIX y XX
650 1 4 _aArte
_xHistoria
_95955
902 _aREF
942 _2lcc
_cB
999 _c1705
_d1705